000 00483cam a22001217a 4500
008 180718b1963 xxu||||| |||| 00| 0 eng d
082 _aC41 AL44
245 _aMessages of freedom from the Magna Carta to the Lahore pledge
_cby Directorate of General Education Reading Material Project, Aligarh Muslim University
260 _aBombay
_bAsia
_c1963
300 _a115p.
650 _aLiberty
700 _aAligarh Muslim University. Directorate of General Education Reading Material Project
999 _c357451
_d357451